00536nam a2200169 a 4500008004100000020001500041050001600056100001600072245009800088260004200186300002200228350000900250650001500259650002300274650005100297700001800348100329s2005 ||||||||||||||||| || u a0199267529 aHD 62.4 Lee aLee, Kiefer10aGlobal marketing management: changes, challenges and new strategiescKiefer Lee, Steve Carter aOxfordbOxford University Pressc2005 axxxi, 582p.: ill. a0.00 0aMANAGEMENT 0aSTRATEGIC PLANNING aINTERNATIONAL BUSINESS ENTERPRISES--MANAGEMENT aCarter, Steve